00300nam a2200121Ia 4500008004100000082001500041100001900056245004200075250000800117260003700125300000800162650000800170191201s2011 xx 000 0 und d a658.5bADI aADLER, Nancy J 0aInternational Organizational Behavior aRep aN. DelhibCENGAGE Learningc2011 a313 aBBA